[Event "FSGM January 2017"]
[Site "masterchessopen.com Budapest HUN"]
[Date "2017.02.07"]
[Round "4.4"]
[White "Pacher,M"]
[Black "Havasi,Gergo"]
[Result "0-1"]
[WhiteElo "2466"]
[BlackElo "2353"]

1.e4 e5 2.Nc3 Nf6 3.g3 d5 4.exd5 Nxd5 5.Bg2 Nxc3 6.bxc3 Bd6 7.Ne2 O-O 8.O-O c6
9.d3 Be6 10.Rb1 Qc7 11.c4 Nd7 12.f4 Bg4 13.f5 Rae8 14.h3 Bxe2 15.Qxe2 e4
16.dxe4 Bxg3 17.c5 Nf6 18.Bf3 Re7 19.Qg2 Kh8 20.Kh1 Be5 21.Be3 Rg8 22.Rg1 Qa5
23.Rbd1 Ree8 24.Rd2 Qxa2 25.c3 Qa5 26.Bd4 Qc7 27.h4 b5 28.h5 h6 29.Rgd1 a5
30.Rd3 a4 31.Be3 Rd8 32.Bd4 Rb8 33.Bg1 b4 34.cxb4 Rxb4 35.Rd6 a3 36.Bh2 Qe7
37.Rxc6 Rb2 38.Be2 Bxh2 {#R} 0-1

[Event "FSIM January 2017"]
[Site "masterchessopen.com Budapest HUN"]
[Date "2017.02.07"]
[Round "4.1"]
[White "Wu,Yang"]
[Black "Frolov,Artu"]
[Result "0-1"]
[WhiteElo "2159"]
[BlackElo "2389"]

1.e4 c5 2.Nf3 Nc6 3.d4 cxd4 4.Nxd4 e6 5.Nc3 d6 6.f4 Nf6 7.Be3 Be7 8.Qf3 Bd7
9.Nb3 h5 10.O-O-O Qc7 11.Be2 a6 12.Kb1 b5 13.Bd3 Rc8 14.Rhe1 b4 15.Ne2 a5
16.Nbd4 a4 17.Nxc6 Qxc6 18.Nd4 Qb7 19.Qe2 Nxe4 20.Ba6 Qb8 21.Bxc8 Qxc8 22.Nf3
Qb7 23.Bd4 Nc3+ 24.Bxc3 bxc3 25.b3 Qb4 26.Qd3 O-O 27.Qd4 Qa5 28.b4 Rb8 29.a3
Qf5 30.Ne5 Rb7 31.Nc4 d5 32.Ne3 Qf6 33.Qe5 Qxe5 34.fxe5 f6 35.Nf1 fxe5 36.Rxe5
h4 37.Ree1 Bd6 38.Ne3 Bxh2 39.Ng4 Bg3 40.Re3 Rc7 41.Rdd3 Bf4 42.Rxc3 d4 43.Re4
Rxc3 44.Rxf4 Bc6 45.Ne5 Bxg2 46.Rxh4 Re3 47.Nd3 e5 48.b5 Bf1 49.Rh2 e4 50.Rf2
exd3 51.Rxf1 d2 {#R} 0-1

[Event "FSIM January 2017"]
[Site "masterchessopen.com Budapest HUN"]
[Date "2017.02.07"]
[Round "4.2"]
[White "Ilincic,Z"]
[Black "Van Zyl-Rudd,Jack"]
[Result "1-0"]
[WhiteElo "2390"]
[BlackElo "2041"]

1.d4 d5 2.g3 c5 3.dxc5 Nf6 4.c4 dxc4 5.Qa4+ Nbd7 6.Bg2 e6 7.c6 bxc6 8.Bxc6 Rb8
9.Nf3 Bb4+ 10.Bd2 Qb6 11.Na3 Qc5 12.O-O Bxd2 13.Nxd2 Rxb2 14.Naxc4 Rb4 15.Qa3
O-O 16.Na5 Ba6 17.Rfc1 Qb6 18.Bxd7 Nxd7 19.Rc6 Qb5 20.Rxa6 Ra4 21.Qd6 Nb6
22.Rxb6 Qxb6 23.Nc6 Re8 24.Rb1 Qa6 25.Rb8 {#r} 1-0

[Event "FSIM January 2017"]
[Site "masterchessopen.com Budapest HUN"]
[Date "2017.02.07"]
[Round "4.3"]
[White "Nemeth,Zo"]
[Black "Lyell,M"]
[Result "1-0"]
[WhiteElo "2281"]
[BlackElo "2244"]

1.d4 e6 2.g3 f5 3.Bg2 Nf6 4.c4 d5 5.Bf4 Nbd7 6.Qc2 Bb4+ 7.Nd2 O-O 8.Nf3 h6
9.cxd5 Nxd5 10.a3 Nxf4 11.gxf4 Bd6 12.e3 Nf6 13.Rc1 Bd7 14.Ne5 Nd5 15.Ndc4 Be8
16.Bf3 Qh4 17.Rg1 Bxe5 18.Nxe5 Rc8 19.Qb3 b6 20.Bxd5 exd5 21.Qxd5+ Kh8 22.Qe6
Qd8 23.Ng6+ Bxg6 24.Rxg6 c5 25.Qe5 Rf6 26.Rxf6 Qxf6 27.Qxf6 gxf6 28.dxc5 bxc5
29.Rc4 Rb8 30.Rxc5 Rxb2 31.Rxf5 Kg7 32.Ra5 Kg6 33.Kf1 Rb7 34.h4 f5 35.Kg2 Rg7
36.Kh3 Rf7 37.a4 Kh5 38.e4 {#r} 1-0

[Event "FSIM January 2017"]
[Site "masterchessopen.com Budapest HUN"]
[Date "2017.02.07"]
[Round "4.4"]
[White "Havanecz,B"]
[Black "Farkas,R"]
[Result "0-1"]
[WhiteElo "2220"]
[BlackElo "2310"]

1.d4 Nf6 2.c4 d6 3.Nf3 g6 4.g3 Bg7 5.Bg2 O-O 6.O-O c6 7.Nc3 Qa5 8.e4 e5 9.d5
cxd5 10.cxd5 b5 11.Nd2 b4 12.Nb3 Qd8 13.Nb1 a5 14.a4 Nbd7 15.h3 Nb6 16.Re1
Nfd7 17.N1d2 f5 18.exf5 gxf5 19.Nf3 h6 20.Nh4 Qf6 21.Ra2 Bb7 22.Be3 Nc4 23.Qe2
Ba6 24.Raa1 e4 25.Bd4 Nde5 26.f4 exf3 27.Nxf3 Qg6 28.Kh2 f4 29.g4 Ne3 30.Qd2
Nxg2 31.Qxg2 Qd3 32.Bxe5 dxe5 33.Nc5 Qxd5 34.Rac1 Bb7 35.Nxb7 Qxb7 36.Rc4 b3
37.g5 hxg5 38.Nxg5 Qxg2+ 39.Kxg2 Rfc8 40.Rec1 Rxc4 41.Rxc4 e4 42.Nxe4 Rd8
43.Rc5 Bxb2 44.Rb5 Rd3 45.Nc5 f3+ 46.Kf1 Rd1+ 47.Kf2 Bd4+ 48.Kxf3 Bxc5 {#R}
0-1

[Event "37th TCh-IND 2017"]
[Site "masterchessopen.com Bhopal IND"]
[Date "2017.02.07"]
[Round "8.1"]
[White "Thejkumar,M"]
[Black "Hegde,R1"]
[Result "1-0"]
[WhiteElo "2461"]
[BlackElo "2166"]
[EventType "team"]

1.d4 Nf6 2.Nf3 b6 3.c4 Bb7 4.g3 g6 5.Bg2 Bg7 6.O-O O-O 7.Nc3 e6 8.Qc2 d5
9.cxd5 Nxd5 10.Bg5 Qc8 11.Rac1 Na6 12.Nxd5 exd5 13.Qd2 Re8 14.b4 Qd7 15.Rfe1
Rac8 16.Ne5 Qb5 17.Bh3 f5 18.Rb1 Bxe5 19.dxe5 Rxe5 20.Bf6 Re6 21.Ba1 Rf8 22.e4
dxe4 23.Bf1 {#r} 1-0

[Event "37th TCh-IND 2017"]
[Site "masterchessopen.com Bhopal IND"]
[Date "2017.02.07"]
[Round "8.3"]
[White "Krishna,CRG"]
[Black "Swayams,M"]
[Result "0-1"]
[WhiteElo "2408"]
[BlackElo "2460"]
[EventType "team"]

1.d4 Nf6 2.c4 e6 3.g3 d5 4.Nf3 Bb4+ 5.Bd2 Bd6 6.Nc3 O-O 7.Bg5 c6 8.e4 dxe4
9.Nxe4 Bb4+ 10.Nc3 e5 11.Bg2 exd4 12.Qxd4 Re8+ 13.Be3 Qxd4 14.Nxd4 Nbd7 15.O-O
Ne5 16.Bg5 Nxc4 17.Rac1 Nxb2 18.Bxf6 gxf6 19.Ne4 Be7 20.g4 Nd3 21.Rc3 Nf4
22.Rf3 Nxg2 23.Kxg2 Rd8 24.Nf5 Bxf5 25.Rxf5 Rd4 26.f3 Rd5 27.Rf4 Rad8 28.Re1
Re5 29.Rc1 Kg7 30.Rc2 Rd4 31.Kh3 a5 32.Kg2 a4 33.h4 a3 {#R} 0-1

[Event "37th TCh-IND 2017"]
[Site "masterchessopen.com Bhopal IND"]
[Date "2017.02.07"]
[Round "8.3"]
[White "Narayanan,Sri"]
[Black "Rathnakaran,K"]
[Result "0-1"]
[WhiteElo "2474"]
[BlackElo "2407"]
[EventType "team"]

1.e4 c5 2.Nf3 e6 3.d4 cxd4 4.Nxd4 Nc6 5.Nc3 Qc7 6.Be3 a6 7.Qf3 d6 8.O-O-O Bd7
9.g4 Rc8 10.Nxc6 Bxc6 11.g5 Ne7 12.Kb1 b5 13.Bd3 Ng6 14.Nd5 exd5 15.exd5 Bb7
16.Bf5 Be7 17.Bxc8 Qxc8 18.h4 O-O 19.h5 Ne5 20.Qe4 f5 21.Qd4 Nf3 22.Qf4 Nxg5
23.h6 g6 24.f3 Qc4 25.Bd4 Bxd5 26.b3 Qc6 27.Rhe1 Ne6 28.Qd2 Kf7 29.Bg7 Bxf3
30.Bxf8 Bxf8 31.Qe3 Be4 32.Rd2 d5 33.Qa7+ Qc7 34.Qxa6 Bxh6 35.Rxe4 dxe4 36.Rd1
Be3 37.Qxb5 Bd4 38.c4 Kf6 39.Qd5 Qe5 40.Kc2 e3 {#R} 0-1

[Event "37th TCh-IND 2017"]
[Site "masterchessopen.com Bhopal IND"]
[Date "2017.02.07"]
[Round "8.4"]
[White "Puranik,A"]
[Black "Ramakrishna,J"]
[Result "1-0"]
[WhiteElo "2481"]
[BlackElo "2141"]
[EventType "team"]

1.e4 c5 2.Nf3 e6 3.g3 Nc6 4.Bg2 Nf6 5.Qe2 d6 6.c3 Bd7 7.O-O Rc8 8.d3 b5 9.a4
b4 10.Nbd2 Be7 11.Nc4 Na5 12.Nfd2 bxc3 13.bxc3 O-O 14.Nxa5 Qxa5 15.Nc4 Qa6
16.e5 dxe5 17.Nxe5 Rfd8 18.c4 Be8 19.a5 Nd7 20.Bb2 Nxe5 21.Bxe5 Bc6 22.Rfb1
Bxg2 23.Kxg2 Bf6 24.Bxf6 gxf6 25.Qf3 f5 26.Rb5 Rc7 27.Rab1 Qd6 28.R1b3 Kg7
29.Qe3 h6 30.h4 Kh7 31.Qf3 Kg7 32.Kf1 Qe5 33.Qe3 Qd6 34.h5 Re8 35.Qf3 Qe5
36.Kg2 Rd8 37.Rb7 Rxb7 38.Rxb7 Qc3 39.Rxa7 Rxd3 40.Qb7 Qf6 41.Ra8 f4 42.Qb8
{#r} 1-0

[Event "37th TCh-IND 2017"]
[Site "masterchessopen.com Bhopal IND"]
[Date "2017.02.07"]
[Round "8.4"]
[White "Gopal,K"]
[Black "Stany,G"]
[Result "0-1"]
[WhiteElo "2038"]
[BlackElo "2500"]
[EventType "team"]

1.Nf3 Nf6 2.g3 g6 3.Bg2 Bg7 4.O-O O-O 5.c4 d5 6.cxd5 Nxd5 7.Nc3 Nb6 8.d3 Nc6
9.h3 e5 10.a4 a5 11.Bg5 f6 12.Qb3+ Kh8 13.Be3 Re8 14.Bxb6 cxb6 15.Nd5 Be6
16.e4 Nb4 17.Nd2 Rc8 18.Nc4 Bf8 19.Nxb4 Bxb4 20.Rad1 Qd7 21.Kh2 b5 22.axb5
Qxb5 23.Rc1 Red8 24.f4 Qd7 25.fxe5 fxe5 26.Qd1 Qxd3 27.Qxd3 Rxd3 28.Nxe5 Rd2
29.Nf7+ Kg8 30.Ng5 Rxc1 31.Rxc1 Bd7 32.Rc7 Bc6 33.b3 Bd6 34.Rxh7 Rd3 35.e5 Rd2
{#R} 0-1

[Event "Portugal Open 2017"]
[Site "masterchessopen.com Lisbon POR"]
[Date "2017.02.08"]
[Round "7.1"]
[White "Iturrizaga,E"]
[Black "Perunovic,Mil"]
[Result "1-0"]
[WhiteElo "2652"]
[BlackElo "2604"]

1.d4 Nf6 2.Nf3 e6 3.c4 c5 4.e3 d5 5.Nc3 a6 6.cxd5 exd5 7.g3 Nc6 8.Bg2 c4 9.Ne5
Bb4 10.O-O O-O 11.Bd2 Re8 12.Nxc6 bxc6 13.b3 a5 14.Qc2 Ba6 15.Rfd1 Rb8 16.bxc4
Bxc4 17.Na4 Ne4 18.Bxe4 Rxe4 19.Bxb4 axb4 20.Nb2 Bb5 21.Nd3 Ra8 22.Rdb1 Ra3
23.Nxb4 Qd7 24.Nxd5 cxd5 25.Qc5 Ra5 26.Qb6 Be2 27.Qxa5 h5 28.Rb8+ Kh7 29.Qd8
Qf5 30.Qg8+ Kg6 31.Rb6+ Re6 32.Rxe6+ fxe6 33.Qb8 {#r} 1-0

[Event "Portugal Open 2017"]
[Site "masterchessopen.com Lisbon POR"]
[Date "2017.02.08"]
[Round "7.2"]
[White "Kovalenko,I"]
[Black "Annaberdiev,M"]
[Result "0-1"]
[WhiteElo "2684"]
[BlackElo "2435"]

1.c4 c5 2.g3 g6 3.Bg2 Bg7 4.Nc3 Nc6 5.Nf3 Nh6 6.d4 cxd4 7.Bxh6 Bxh6 8.Nxd4 Bg7
9.e3 O-O 10.Qd2 Nxd4 11.exd4 d5 12.Nxd5 e6 13.Ne3 Qxd4 14.Qxd4 Bxd4 15.O-O-O
Bc5 16.Rd2 Rb8 17.Nc2 e5 18.Re1 f6 19.b4 Be7 20.a3 a5 21.Kb2 axb4 22.axb4 f5
23.Bd5+ Kg7 24.Ra1 Rd8 25.Kc3 Bf6 26.Ra5 Kh6 27.Na3 e4+ 28.Kc2 Bd7 29.Kb3 Bc6
30.b5 Be7 31.b6 Ra8 32.Ra7 Rxa7 33.bxa7 Ra8 34.Bxc6 bxc6 35.Nc2 Rxa7 36.Nd4
Ra3+ 37.Kb2 Ra6 38.Ne6 c5 39.Nc7 Bf6+ 40.Kb3 Ra1 41.Ne6 Rb1+ 42.Ka2 Ra1+
43.Kb3 Rb1+ 44.Ka2 Rc1 45.Kb3 Rc3+ 46.Ka4 Rxc4+ 47.Kb5 Rb4+ 48.Kxc5 Rb2
49.Rxb2 Bxb2 50.Kc4 Be5 51.h3 Bb8 52.g4 Ba7 53.f3 exf3 54.Kd3 fxg4 55.hxg4 Bb6
56.Kd2 g5 57.Kd3 Kg6 58.Nf8+ Kg7 59.Ne6+ Kh6 60.Kd2 Bg1 61.Nc7 Kg6 62.Nd5 Bc5
63.Kd3 h5 64.gxh5+ Kxh5 65.Nf6+ Kh4 66.Ne4 Ba7 67.Nd2 g4 68.Ke4 Kg3 69.Kf5 Kh3
70.Kf4 f2 {#R} 0-1

[Event "Portugal Open 2017"]
[Site "masterchessopen.com Lisbon POR"]
[Date "2017.02.08"]
[Round "7.4"]
[White "Teske,H"]
[Black "Dastan,B"]
[Result "0-1"]
[WhiteElo "2481"]
[BlackElo "2497"]

1.d4 d5 2.c4 c6 3.Nc3 Nf6 4.e3 e6 5.Bd3 Nbd7 6.Nf3 dxc4 7.Bxc4 b5 8.Bb3 b4
9.Ne2 Bb7 10.O-O c5 11.Bd2 Bd6 12.dxc5 Bxc5 13.Rc1 O-O 14.Ned4 Qb6 15.Bc4 Qd6
16.h3 a5 17.Qe2 Ne5 18.Nxe5 Qxe5 19.Rfd1 Rfd8 20.f4 Qh5 21.Nxe6 Qxe2 22.Bxe2
Rxd2 23.Nxc5 Rxe2 24.Nxb7 Rxb2 25.Nxa5 h6 26.Nc4 Rbxa2 27.Rd2 b3 28.Rb1 Ne4
29.Rd4 Nc3 30.Rxb3 Ne2+ 31.Kh2 Nxd4 32.exd4 Rd8 33.Ne5 Rxd4 34.Rb8+ Kh7
35.Nxf7 Rxf4 36.Rh8+ Kg6 37.Ne5+ Kf5 38.Nf3 Rb4 39.Rf8+ Ke6 40.Re8+ Kf6 41.Re1
Rbb2 42.Rg1 g5 43.Kg3 Kf5 44.Nd4+ Ke4 45.Nf3 Re2 46.Nh2 h5 47.Nf3 Ra3 48.Rf1
g4 {#R} 0-1

[Event "Portugal Open 2017"]
[Site "masterchessopen.com Lisbon POR"]
[Date "2017.02.08"]
[Round "7.8"]
[White "Alberto,M ANG"]
[Black "Indjic,A"]
[Result "0-1"]
[WhiteElo "2174"]
[BlackElo "2560"]

1.e4 g6 2.d4 Bg7 3.Nc3 d6 4.Be3 a6 5.Be2 b5 6.Bf3 Nd7 7.a4 b4 8.Nce2 e5 9.a5
Ngf6 10.d5 Nc5 11.Ng3 h5 12.Bxc5 dxc5 13.Nf1 c6 14.dxc6 Qc7 15.Ne3 Be6 16.Qe2
Qxc6 17.Nc4 O-O 18.Nh3 Rad8 19.c3 Bh6 20.Ne3 bxc3 21.bxc3 c4 22.O-O Rd3 23.Nc2
Rd2 24.Nb4 Qc8 25.Qe1 Bxh3 26.gxh3 Qxh3 27.Bg2 Qxc3 28.Nxa6 Ra8 29.Nc7 Rxa5
30.Rxa5 Qxa5 31.Nd5 Nxd5 32.exd5 Bf4 33.Qb1 c3 34.Be4 Kg7 35.Qb7 Qd8 36.h3 c2
37.Qc6 Qh4 38.Qc3 c1=Q {#R} 0-1

[Event "Portugal Open 2017"]
[Site "masterchessopen.com Lisbon POR"]
[Date "2017.02.08"]
[Round "7.9"]
[White "Ozer,Omer Faruk"]
[Black "Harutyunian,T"]
[Result "0-1"]
[WhiteElo "2344"]
[BlackElo "2515"]

1.Nf3 d5 2.g3 Nc6 3.c4 d4 4.Bg2 e5 5.d3 Bb4+ 6.Bd2 a5 7.O-O Nf6 8.Bg5 h6
9.Bxf6 Qxf6 10.Nbd2 Qd8 11.Rc1 Bc5 12.Qa4 Bd7 13.Ne4 b6 14.Nxc5 bxc5 15.Qa3
Qe7 16.Rfe1 O-O 17.e3 Qd6 18.exd4 exd4 19.Nd2 Nb4 20.Bxa8 Rxa8 21.f4 Qc6
22.Re5 f6 23.Rd5 Qe6 24.Ne4 Bc6 25.Rxc5 Bxe4 26.Re1 Qg4 27.Rxa5 Rxa5 28.Qxb4
Bc6 29.Qxa5 Qf3 30.Re4 Qxd3 31.Re7 Qf3 32.Rxg7+ Kxg7 33.Qxc7+ Kg6 34.f5+ Kxf5
35.Qh7+ Ke6 36.Qg8+ Ke5 37.Qb8+ Ke4 38.Qb6 Kf5 {#R} 0-1

[Event "Portugal Open 2017"]
[Site "masterchessopen.com Lisbon POR"]
[Date "2017.02.08"]
[Round "7.10"]
[White "Bhawoodien,Mohamed Ozayr"]
[Black "Maiorov,N1"]
[Result "0-1"]
[WhiteElo "2060"]
[BlackElo "2511"]

1.d4 Nf6 2.c4 e6 3.Nf3 b6 4.g3 Ba6 5.Nbd2 Bb4 6.Qc2 Bb7 7.Bg2 Be4 8.Qb3 Bxd2+
9.Bxd2 d6 10.O-O Nbd7 11.Rfd1 O-O 12.Rac1 h6 13.Qe3 a5 14.Bc3 Re8 15.Bf1 Qe7
16.Ne1 Bb7 17.f3 c5 18.dxc5 bxc5 19.Qd2 d5 20.Nd3 d4 21.Bxa5 e5 22.b4 e4
23.fxe4 Nxe4 24.Qf4 Ra6 25.Qc7 Nd6 26.Bh3 f5 27.bxc5 Rc8 28.cxd6 Qe3+ 29.Nf2
Rxc7 30.Bxc7 Rxa2 31.Bf1 f4 32.gxf4 Qxf4 33.Nd3 Qe3+ {#R} 0-1

[Event "Portugal Open 2017"]
[Site "masterchessopen.com Lisbon POR"]
[Date "2017.02.08"]
[Round "7.12"]
[White "Alvarez Marquez,J"]
[Black "Damia,A"]
[Result "0-1"]
[WhiteElo "2398"]
[BlackElo "2293"]

1.d4 Nf6 2.Bg5 e6 3.e3 d5 4.Nd2 h6 5.Bh4 Nbd7 6.f4 Be7 7.Bd3 Ne4 8.Bxe7 Qxe7
9.Nxe4 dxe4 10.Bxe4 e5 11.Qe2 Nf6 12.Qb5+ Kf8 13.Bf3 exd4 14.O-O-O c6 15.Qa5
Qxe3+ 16.Kb1 Kg8 17.Ne2 Bg4 18.Nxd4 Bxf3 19.Nxf3 Qxf4 20.Rd4 Qb8 21.Rhd1 b6
22.Qf5 Nd5 23.Qd3 Nf4 24.Qe4 Ne6 25.Rd6 Qe8 26.Ne5 Ng5 27.Qf5 Qc8 28.Rd7 Qe8
29.h4 g6 30.Qf4 Ne6 31.Qf6 Rh7 32.Nxc6 Rg7 33.Nd8 Kh7 34.Nxf7 Rc8 35.h5 Rc7
36.Rxc7 Nxc7 37.hxg6+ Rxg6 38.Qf5 Qe6 39.g4 Kg7 40.Ne5 Rf6 41.Qxe6 Rxe6
42.Rd7+ Kf6 43.Rxc7 Kxe5 44.Rxa7 Kf4 45.a4 Kxg4 46.a5 bxa5 47.Rxa5 h5 48.b4 h4
49.Kb2 h3 50.Kb3 Re1 51.Ra8 h2 52.Rh8 h1=Q 53.Rxh1 Rxh1 54.Kc4 Kf5 55.Kd5 Rd1+
56.Kc6 Rc1 57.b5 Ke6 58.b6 Rxc2+ 59.Kb7 Kd7 60.Ka8 Rb2 {#R} 0-1

[Event "Portugal Open 2017"]
[Site "masterchessopen.com Lisbon POR"]
[Date "2017.02.08"]
[Round "7.13"]
[White "Grigoryan,K2"]
[Black "Coiffait,Pierre-Basile"]
[Result "1-0"]
[WhiteElo "2561"]
[BlackElo "2248"]

1.e4 e5 2.Nf3 Nc6 3.Bb5 a6 4.Ba4 Nf6 5.d3 d6 6.c4 g6 7.h3 Bg7 8.O-O O-O 9.Nc3
Bd7 10.Be3 Re8 11.Re1 h6 12.Qd2 Kh7 13.Rad1 Ne7 14.Bxd7 Qxd7 15.d4 exd4
16.Nxd4 Nc6 17.f3 b5 18.Qe2 b4 19.Nd5 Rab8 20.b3 Nxd4 21.Bxd4 Nxd5 22.cxd5
Bxd4+ 23.Rxd4 c5 24.dxc6 Qxc6 25.Qd2 Qb6 26.Kh1 Red8 27.Rd1 a5 28.Rd5 a4
29.bxa4 Qc6 30.a5 Rb5 31.e5 Rc5 32.Rxd6 Rxd6 33.exd6 Rc2 34.Qxb4 Qd7 35.Qb3
Re2 36.Qc4 Rf2 37.Qg4 {#r} 1-0

[Event "Portugal Open 2017"]
[Site "masterchessopen.com Lisbon POR"]
[Date "2017.02.08"]
[Round "7.14"]
[White "Burmakin,V"]
[Black "Gavrish,L"]
[Result "1-0"]
[WhiteElo "2527"]
[BlackElo "2212"]

1.d4 Nf6 2.g3 c5 3.d5 g6 4.Bg2 d6 5.a4 Bg7 6.e4 O-O 7.Ne2 e6 8.dxe6 fxe6
9.Nbc3 Nc6 10.O-O e5 11.Bg5 Be6 12.Nd5 Qd7 13.c3 Bxd5 14.exd5 Ne7 15.h3 h6
16.Bc1 Nf5 17.Qd3 Rae8 18.Be3 Qf7 19.Rad1 e4 20.Qd2 g5 21.c4 Qg6 22.Nc3 a6
23.Rde1 Re7 24.Re2 Rfe8 25.Rfe1 Nd7 26.Qc2 Bd4 27.Bxe4 Rxe4 28.Nxe4 Nxe3
29.Rxe3 Bxe3 30.Rxe3 Ne5 31.Qe2 b6 32.Nxd6 Qxd6 33.f4 gxf4 34.gxf4 Nf3+
35.Qxf3 Rxe3 36.Qxe3 Qg6+ 37.Kf2 Qc2+ 38.Qe2 Qxa4 39.d6 h5 40.Qe6+ Kh8 41.d7
{#r} 1-0

[Event "Portugal Open 2017"]
[Site "masterchessopen.com Lisbon POR"]
[Date "2017.02.08"]
[Round "7.15"]
[White "Gomez Dieguez,D"]
[Black "Galego,L"]
[Result "0-1"]
[WhiteElo "2219"]
[BlackElo "2478"]

1.e4 d6 2.Nc3 e5 3.f4 exf4 4.Nf3 Be7 5.Bc4 Nf6 6.d4 O-O 7.O-O Nxe4 8.Nxe4 d5
9.Bd3 dxe4 10.Bxe4 Nd7 11.Bxf4 Nf6 12.Qd3 c6 13.Rae1 Nxe4 14.Qxe4 Be6 15.Be5
Qd5 16.Qxd5 cxd5 17.Bf4 h6 18.Ne5 Rfe8 19.Rf3 Rac8 20.c3 a5 21.Bd2 Bd6 22.h3
f6 23.Nd3 Bf7 24.Rxe8+ Rxe8 25.Bf4 Bxf4 26.Nxf4 g5 27.Nd3 Kg7 28.Kf2 Bg6
29.Nc5 b6 30.Na4 Re6 31.Re3 Be4 32.b4 f5 33.bxa5 bxa5 34.Re2 Rc6 35.Nc5 Rb6
36.Nxe4 fxe4 37.c4 dxc4 38.Ke3 a4 39.Kxe4 a3 40.Re3 Rb2 41.Rxa3 Rxg2 42.Rc3
Rxa2 43.h4 Re2+ 44.Kf5 Rf2+ 45.Ke5 gxh4 46.Rxc4 Kg6 47.d5 h3 48.d6 h2 49.Rc1
Kf7 50.Ke4 h5 51.Ke3 Rg2 52.Rh1 h4 53.Kf3 h3 54.d7 Ke7 55.d8=Q+ Kxd8 56.Rd1+
Ke7 57.Rh1 Kf6 58.Kf4 Kg6 59.Ke3 Kg5 60.Kf3 Kf5 {#R} 0-1

[Event "Portugal Open 2017"]
[Site "masterchessopen.com Lisbon POR"]
[Date "2017.02.08"]
[Round "7.16"]
[White "Abergel,T"]
[Black "Cuevas Fernandez,M"]
[Result "1-0"]
[WhiteElo "2464"]
[BlackElo "2167"]

1.e4 c5 2.Nf3 e6 3.d4 cxd4 4.Nxd4 a6 5.Be2 Nf6 6.Nc3 Qc7 7.O-O Nc6 8.Nxc6 bxc6
9.f4 d5 10.e5 Nd7 11.Na4 Nb6 12.Nxb6 Bc5+ 13.Kh1 Qxb6 14.c4 O-O 15.Qc2 a5
16.Bd3 g6 17.Bd2 Ba6 18.Rad1 Rfb8 19.Bc1 Be3 20.b3 Bxc1 21.Qxc1 Qc5 22.Rfe1 a4
23.Qc2 axb3 24.axb3 Rb4 25.Ra1 Bb7 26.Rxa8+ Bxa8 27.Ra1 Bb7 28.Qc3 Qb6 29.Bc2
c5 30.Kg1 dxc4 31.bxc4 Qc6 32.Qg3 Rxc4 33.Bd1 Qd7 34.Rb1 Qd4+ 35.Qf2 Qxf2+
36.Kxf2 Rxf4+ 37.Kg3 Rb4 38.Rc1 c4 39.Bf3 Bxf3 40.gxf3 Kf8 41.Rc3 Ra4 42.Kf4
Ke7 43.Kg5 h5 44.f4 Kd7 45.Kf6 Kc6 46.Kxf7 Kd5 47.Kxg6 Kd4 48.Rc1 c3 49.f5
exf5 50.e6 Ra6 51.Kxf5 Kd3 52.e7 Ra8 53.Rd1+ {#r} 1-0

[Event "Portugal Open 2017"]
[Site "masterchessopen.com Lisbon POR"]
[Date "2017.02.08"]
[Round "7.17"]
[White "Dias,I"]
[Black "Fernandes,Ant"]
[Result "0-1"]
[WhiteElo "2154"]
[BlackElo "2463"]

1.e4 c5 2.Nf3 Nc6 3.d4 cxd4 4.Nxd4 Qb6 5.Nb3 Nf6 6.Nc3 e6 7.Be3 Qc7 8.f4 d6
9.Bd3 a6 10.Qf3 Be7 11.O-O-O Nd7 12.g4 b5 13.h4 Bb7 14.g5 Nc5 15.Nxc5 dxc5
16.Qf2 O-O-O 17.e5 Nb4 18.Ne4 Rxd3 19.cxd3 Nxd3+ 20.Rxd3 Bxe4 21.Rc3 Bxh1
22.Bxc5 Bxc5 23.Rxc5 Bc6 24.Qc2 Kb7 {#R} 0-1

[Event "Portugal Open 2017"]
[Site "masterchessopen.com Lisbon POR"]
[Date "2017.02.08"]
[Round "7.20"]
[White "Vasques,A"]
[Black "Ferreira,Luis Pedro"]
[Result "1-0"]
[WhiteElo "2333"]
[BlackElo "2117"]

1.e4 e6 2.d4 d5 3.Nc3 dxe4 4.Nxe4 Nd7 5.Nf3 Ngf6 6.Nxf6+ Nxf6 7.Bd3 b6 8.Qe2
Bb7 9.Bg5 Be7 10.O-O-O Nd5 11.h4 Nb4 12.Bb5+ c6 13.Bc4 b5 14.Bxe6 fxe6 15.Qxe6
Qd7 16.Rhe1 Nd5 17.Bxe7 Nxe7 18.Qe5 Kd8 19.Ng5 Ng6 20.Qc5 Re8 21.Rxe8+ Qxe8
22.h5 Nf8 23.Qd6+ Kc8 24.f4 Qd8 25.Qc5 Kc7 26.Re1 Rc8 27.Re7+ Kb8 28.Rxg7 Qe8
29.b3 Qe3+ 30.Kb2 h6 31.Qd6+ Ka8 32.Re7 Qg1 33.Ne4 c5 34.Nxc5 Bxg2 35.Rc7 Rb8
36.Rxa7+ {#r} 1-0

[Event "Portugal Open 2017"]
[Site "masterchessopen.com Lisbon POR"]
[Date "2017.02.08"]
[Round "7.21"]
[White "Campora,D"]
[Black "Costa,Pa"]
[Result "1-0"]
[WhiteElo "2450"]
[BlackElo "2114"]

1.e4 c5 2.Nf3 d6 3.d4 cxd4 4.Nxd4 Nf6 5.Nc3 Nc6 6.Bg5 e6 7.Qd2 Be7 8.O-O-O a6
9.f4 Qc7 10.Kb1 Bd7 11.Nf3 b5 12.e5 dxe5 13.fxe5 Nd5 14.Bxe7 Ncxe7 15.Ne4 O-O
16.Bd3 Ng6 17.Rhe1 b4 18.c4 bxc3 19.Nxc3 Nxc3+ 20.Qxc3 Qxc3 21.bxc3 Rab8+
22.Ka1 Bb5 23.c4 Ba4 24.Rb1 Rfd8 25.Rxb8 Rxb8 26.Bxg6 hxg6 27.Rb1 Rxb1+
28.Kxb1 Kf8 29.Kb2 Ke7 30.Kc3 Bc6 31.h4 f6 32.Kd4 Kd7 33.Ne1 Ba4 34.Nd3 Bc6
35.g3 a5 36.Nf4 g5 37.hxg5 fxg5 38.Nd3 Bf3 39.Kc5 Be4 40.Nb2 Bc6 41.Kb6 a4
42.Nd3 Bf3 43.Nc5+ {#r} 1-0

[Event "Portugal Open 2017"]
[Site "masterchessopen.com Lisbon POR"]
[Date "2017.02.08"]
[Round "7.22"]
[White "Baptista,A"]
[Black "Santos,AntonioP"]
[Result "0-1"]
[WhiteElo "2094"]
[BlackElo "2248"]

1.e4 c5 2.Nf3 Nc6 3.d4 cxd4 4.Nxd4 Nf6 5.Nc3 e5 6.Ndb5 d6 7.Bg5 a6 8.Na3 b5
9.Nd5 Be7 10.Nxe7 Nxe7 11.Bxf6 gxf6 12.Qf3 Nc6 13.O-O-O Be6 14.Kb1 Rg8 15.Qe3
Ke7 16.f4 exf4 17.Qxf4 Ne5 18.c3 Qb6 19.Be2 Rxg2 20.Rhf1 Rxe2 21.Qxf6+ Kd7
22.Qxe5 Rg8 23.Qh5 Rgg2 24.Rxf7+ Bxf7 25.Qxf7+ Kc8 26.Qf5+ Kb8 27.Qf8+ Kb7
28.Qf7+ Qc7 29.Qd5+ Kb8 30.c4 Rxb2+ 31.Kc1 Qc5 32.Qd3 Qg5+ {#R} 0-1

[Event "Portugal Open 2017"]
[Site "masterchessopen.com Lisbon POR"]
[Date "2017.02.08"]
[Round "7.23"]
[White "Cruz,Jor"]
[Black "Diogo,V"]
[Result "1-0"]
[WhiteElo "2072"]
[BlackElo "2241"]

1.e4 c5 2.Nf3 Nc6 3.d4 cxd4 4.Nxd4 e5 5.Nb5 a6 6.Nd6+ Bxd6 7.Qxd6 Qf6 8.Qa3
Qg6 9.f3 d5 10.Nc3 Nge7 11.Bd2 dxe4 12.Nxe4 O-O 13.O-O-O Bf5 14.Bd3 h5 15.h3
h4 16.Rhg1 Rfd8 17.g4 hxg3 18.Rxg3 Rxd3 19.cxd3 Qe6 20.Kb1 Nd4 21.Bg5 Nd5
22.Qd6 Qxd6 23.Nxd6 Be6 24.Rd2 Kh7 25.Rdg2 Nb4 26.Be3 Bxa2+ 27.Kc1 g6 28.Bxd4
exd4 29.Kd2 Rd8 30.Nxb7 Rb8 31.Na5 Nd5 32.Kc1 Ne3 33.Re2 Rc8+ 34.Nc4 Bxc4
35.dxc4 Rxc4+ 36.Kb1 Kg7 37.Rg1 Rc6 38.Rd2 Nf5 39.Rc1 Rb6 40.Rc5 Rb3 41.Ra5
Rxf3 42.Rxa6 Rxh3 43.b4 Rh8 44.b5 Rb8 45.b6 g5 46.Kc2 g4 47.Kd3 g3 48.Rg2 Kg6
49.b7+ Kg5 50.Rb6 Kg4 51.Ra2 Ne7 52.Kxd4 f5 53.Ke5 f4 54.Ra8 Nc6+ 55.Rxc6 Rxb7
56.Rg8+ Kf3 57.Rc3+ Kf2 58.Kxf4 {#r} 1-0

[Event "Portugal Open 2017"]
[Site "masterchessopen.com Lisbon POR"]
[Date "2017.02.08"]
[Round "7.24"]
[White "Rego,P"]
[Black "Martinez Lopez,J"]
[Result "1-0"]
[WhiteElo "2232"]
[BlackElo "2041"]

1.Nf3 d6 2.e4 Nf6 3.Nc3 e5 4.d4 Nbd7 5.Bc4 Be7 6.Bg5 O-O 7.dxe5 Nxe5 8.Nxe5
dxe5 9.Qe2 c6 10.Rd1 Qc7 11.O-O b5 12.Bb3 Bb7 13.a4 a6 14.Rd3 c5 15.Bxf6 c4
16.Bxg7 cxd3 17.Qg4 Bc8 18.Qg3 Bh4 19.Qxh4 Kxg7 20.Qg5+ Kh8 21.Qf6+ Kg8 22.Nd5
{#r} 1-0

[Event "Portugal Open 2017"]
[Site "masterchessopen.com Lisbon POR"]
[Date "2017.02.08"]
[Round "7.25"]
[White "Veiga,Jose Francisco R P Neves"]
[Black "Lasinskas,P"]
[Result "1-0"]
[WhiteElo "2069"]
[BlackElo "2231"]

1.e4 e5 2.Nf3 Nc6 3.Bb5 a6 4.Ba4 Nf6 5.O-O b5 6.Bb3 Bc5 7.c3 d6 8.d3 Qe7 9.Bg5
h6 10.Bh4 g5 11.Bg3 Bg4 12.Nbd2 Kd7 13.a4 Rag8 14.axb5 axb5 15.Bd5 Nd8 16.Qb3
c6 17.d4 exd4 18.cxd4 Bb6 19.Rfc1 Bxf3 20.Nxf3 g4 21.Bxc6+ Nxc6 22.Qxb5 gxf3
23.Qxc6+ Ke6 24.d5+ Nxd5 25.Qxd5+ Kf6 26.Rc6 {#r} 1-0